000 00297nam a22001217a 4500
008 180117b xxu||||| |||| 00| 0 eng d
041 _aeng
080 _a330
100 _a52
101 _aEKO
245 _aRicardo and the theory of value distribution and growth
_cCaravale,G.A
942 _2udc
_cBK
999 _c40430
_d40430